| 000 | 01053nam a2200289ua 4500 | ||
|---|---|---|---|
| 001 | 1330236 | ||
| 003 | CO-ViMGA | ||
| 005 | 20230915233608.0 | ||
| 008 | 120210s2012 ck gr 00010 spa d | ||
| 020 | _a9789583039010 | ||
| 040 |
_aCO-ViMGA _bspa _cCO-ViMGA |
||
| 082 | 0 | 4 |
_aI891.823 _221 _bM17a |
| 100 | 1 |
_aMarinkovic, Simeon, _d1941. _9208 |
|
| 245 | 0 | 0 |
_aEl mundo de Gabriela : _balimentacin̤ saludable / _cSimeon Marinkovic; ilustrador Dusan Pavlic ; traductor Julio Caycedo. |
| 250 | _aEditora Marcela Carrasquilla. | ||
| 260 |
_aBogot :̀ _bPanamericana Editorial, _c2012. |
||
| 300 |
_a28 p. : _bil. ; _c15 x 15 cm. |
||
| 534 |
_pTt̕ulo original : _tWhat Anna knows : healthy food. |
||
| 650 | 1 | 4 |
_aAlimentos _v Cuentos infantiles. _9210 |
| 650 | 1 | 4 |
_aCuentos infantiles serbios. _9209 |
| 650 | 1 | 4 |
_aSalud _v Cuentos infantiles. _9211 |
| 650 | 1 | 4 |
_aLibros ilustrados para niǫs. _981 |
| 700 | 1 |
_aCarrasquilla, Marcela, _eed. _9214 |
|
| 700 | 1 |
_aCaycedo, Julio, _etr. _9213 |
|
| 700 | 1 |
_aPavlic, Dusan, _eil. _9212 |
|
| 942 |
_2ddc _cBK |
||
| 999 |
_c37192 _d37192 |
||